<?xml version="1.0" encoding="UTF-8"?>
<record
    xmlns:xsi="http://www.w3.org/2001/XMLSchema-instance"
    xsi:schemaLocation="http://www.loc.gov/MARC21/slim http://www.loc.gov/standards/marcxml/schema/MARC21slim.xsd"
    xmlns="http://www.loc.gov/MARC21/slim">

  <leader>00988nam2a2200217   4500</leader>
  <controlfield tag="001">RU\NLR\BIBL_A\012477175</controlfield>
  <controlfield tag="005">20250624044113.0</controlfield>
  <datafield tag="010" ind1=" " ind2=" ">
    <subfield code="a">978-5-91419-705-3</subfield>
  </datafield>
  <datafield tag="035" ind1=" " ind2=" ">
    <subfield code="a">(NLR Aleph) 012477175</subfield>
  </datafield>
  <datafield tag="090" ind1=" " ind2=" ">
    <subfield code="a">12110530</subfield>
    <subfield code="c">12110530</subfield>
  </datafield>
  <datafield tag="100" ind1=" " ind2=" ">
    <subfield code="a">20210317d2012    |||y0rusy50      ca</subfield>
  </datafield>
  <datafield tag="101" ind1="0" ind2=" ">
    <subfield code="a">rus</subfield>
  </datafield>
  <datafield tag="102" ind1=" " ind2=" ">
    <subfield code="a">RU</subfield>
  </datafield>
  <datafield tag="200" ind1="0" ind2=" ">
    <subfield code="a">&#x412;&#x44B;&#x43F;. 1 (1)</subfield>
  </datafield>
  <datafield tag="210" ind1=" " ind2=" ">
    <subfield code="d">2012</subfield>
    <subfield code="a">&#x411;. &#x43C;.</subfield>
  </datafield>
  <datafield tag="461" ind1=" " ind2="0">
    <subfield code="1">001RU\NLR\BIBL_A\012311101</subfield>
    <subfield code="1">2001#$a&#x41F;&#x43E;&#x447;&#x435;&#x43C;&#x443; &#x44F; &#x43B;&#x44E;&#x431;&#x43B;&#x44E; &#x420;&#x43E;&#x441;&#x441;&#x438;&#x44E;$e&#x432;&#x43E;&#x435;&#x43D;&#x43D;&#x43E;-&#x43F;&#x430;&#x442;&#x440;&#x438;&#x43E;&#x442;&#x438;&#x447;&#x435;&#x441;&#x43A;&#x438;&#x439; &#x430;&#x43B;&#x44C;&#x43C;&#x430;&#x43D;&#x430;&#x445;$f&#x421;.-&#x41F;&#x435;&#x442;&#x435;&#x440;&#x431;. &#x441;&#x43E;&#x44E;&#x437; &#x441;&#x443;&#x432;&#x43E;&#x440;&#x43E;&#x432;&#x446;&#x435;&#x432;, &#x43D;&#x430;&#x445;&#x438;&#x43C;&#x43E;&#x432;&#x446;&#x435;&#x432; &#x438; &#x43A;&#x430;&#x434;&#x435;&#x442;$v&#x412;&#x44B;&#x43F;. 1 (1)</subfield>
    <subfield code="9">11370998</subfield>
    <subfield code="c">&#x421;&#x430;&#x43D;&#x43A;&#x442;-&#x41F;&#x435;&#x442;&#x435;&#x440;&#x431;&#x443;&#x440;&#x433;</subfield>
    <subfield code="d">2012 -</subfield>
    <subfield code="f">&#x421;.-&#x41F;&#x435;&#x442;&#x435;&#x440;&#x431;. &#x441;&#x43E;&#x44E;&#x437; &#x441;&#x443;&#x432;&#x43E;&#x440;&#x43E;&#x432;&#x446;&#x435;&#x432;, &#x43D;&#x430;&#x445;&#x438;&#x43C;&#x43E;&#x432;&#x446;&#x435;&#x432; &#x438; &#x43A;&#x430;&#x434;&#x435;&#x442;</subfield>
    <subfield code="n">&#x410;&#x43B;&#x435;&#x442;&#x435;&#x439;&#x44F;</subfield>
    <subfield code="o">&#x432;&#x43E;&#x435;&#x43D;&#x43D;&#x43E;-&#x43F;&#x430;&#x442;&#x440;&#x438;&#x43E;&#x442;&#x438;&#x447;&#x435;&#x441;&#x43A;&#x438;&#x439; &#x430;&#x43B;&#x44C;&#x43C;&#x430;&#x43D;&#x430;&#x445;</subfield>
    <subfield code="t">&#x41F;&#x43E;&#x447;&#x435;&#x43C;&#x443; &#x44F; &#x43B;&#x44E;&#x431;&#x43B;&#x44E; &#x420;&#x43E;&#x441;&#x441;&#x438;&#x44E;</subfield>
    <subfield code="v">&#x412;&#x44B;&#x43F;. 1 (1)</subfield>
  </datafield>
  <datafield tag="852" ind1=" " ind2=" ">
    <subfield code="a">NLR</subfield>
    <subfield code="j">&#x41F;10/7837</subfield>
  </datafield>
  <datafield tag="942" ind1=" " ind2=" ">
    <subfield code="c">ISSUE</subfield>
  </datafield>
  <datafield tag="980" ind1=" " ind2=" ">
    <subfield code="a">NB</subfield>
  </datafield>
  <datafield tag="980" ind1=" " ind2=" ">
    <subfield code="a">RUSPER</subfield>
  </datafield>
</record>
